header

Many thousands gone (Record no. 51271)

MARC details
000 -LEADER
fixed length control field 01435nam a2200337Ia 4500
100 1# - MAIN ENTRY--AUTHOR NAME
Personal name Berlin, Ira,
245 10 - TITLE STATEMENT
Title Many thousands gone
260 ## - PUBLICATION, DISTRIBUTION, ETC. (IMPRINT)
Place of publication Cambridge, MA :
Name of publisher Belknap Press of Harvard University Press,
Year of publication 1998.
300 ## - PHYSICAL DESCRIPTION
Number of Pages x, 497 p. :
Other physical details ill., maps.
650 #0 - SUBJECT ADDED ENTRY--TOPICAL TERM
Topical Term Slavery
Topical Term Slavery
Topical Term African Americans
Topical Term African Americans
856 40 - ELECTRONIC LOCATION AND ACCESS
Uniform Resource Identifier http://site.ebrary.com/lib/rucke/Doc?id=10331314

No items available.

© 2026 Rongo University
Contact us: librarian | system librarian | Rongo university